[Event "CRO-chT3 Center-A"]
[Site "Zagreb"]
[Date "2011.10.16"]
[Round "9.42"]
[White "Sudar, Boris"]
[Black "Ljubic, Ivan"]
[Result "0-1"]
[WhiteElo "2153"]
[BlackElo "2206"]
[PlyCount "96"]
[EventDate "2011.03.13"]
[EventType "team-tourn"]
[EventRounds "11"]
[EventCountry "CRO"]
[SourceTitle "EXT 2014"]
[Source "ChessBase"]
[SourceDate "2013.11.20"]
[SourceVersion "1"]
[SourceVersionDate "2013.11.20"]
[SourceQuality "1"]

1. d4 Nf6 2. Nf3 g6 3. g3 Bg7 4. Bg2 0-0 5. 0-0 d6 6. b3 c6 7. Bb2 Bf5 8. Nh4 Be6 9. e4 Qc8 10. f4 Bh3 11. Qe2 Bxg2 12. Kxg2 c5 13. d5 e6 14. c4 exd5 15. e5 dxe5 16. fxe5 Qg4 17. Nf3 Nh5 18. Ng1 Qxe2+ 19. Nxe2 Re8 20. g4 Bxe5 21. Bxe5 Rxe5 22. Nec3 Ng7 23. Nxd5 Nd7 24. Nbc3 f5 25. g5 Ne6 26. h4 Nd4 27. Nc7 Rc8 28. N3d5 Re4 29. Rae1 Rxe1 30. Rxe1 Nc6 31. Re6 Kf7 32. Rd6 Nce5 33. Nb5 Rc6 34. Nf4 Ke7 35. Nd5+ Kf7 36. Nf4 Ke7 37. Nd5+ Kf8 38. Nf4 Rxd6 39. Nxd6 b6 40. Nc8 Nc6 41. Nd5 Kf7 42. Kg3 Nde5 43. Nd6+ Ke6 44. Ne8 Nd3 45. Nef6 Ke5 46. Nxh7 f4+ 47. Kg4 Nd4 48. Nf8 Nf2# 0-1

[Event "CRO-chT3A Center"]
[Site "Zagreb"]
[Date "2010.04.25"]
[Round "6.56"]
[White "Livaic, Leon"]
[Black "Sudar, Boris"]
[Result "0-1"]
[WhiteElo "1852"]
[BlackElo "2164"]
[PlyCount "76"]
[EventDate "2010.03.21"]
[EventType "team-tourn"]
[EventRounds "11"]
[EventCountry "CRO"]
[SourceTitle "EXT 2012"]
[Source "ChessBase"]
[SourceDate "2011.11.24"]
[SourceVersion "1"]
[SourceVersionDate "2011.11.24"]
[SourceQuality "1"]

1. d4 Nf6 2. Nf3 g6 3. c4 Bg7 4. Nc3 0-0 5. e3 d6 6. Bd2 Nbd7 7. Qc2 e5 8. Be2 exd4 9. Nxd4 Re8 10. 0-0 Ne5 11. Nf3 Nc6 12. a3 Bf5 13. Bd3 Bxd3 14. Qxd3 Nd7 15. Qc2 Nde5 16. Nxe5 Nxe5 17. Nd5 c6 18. Nf4 Qg5 19. Kh1 Rad8 20. Rac1 Qh4 21. Kg1 g5 22. Ne2 Re6 23. Nd4 Rf6 24. Nf5 Qg4 25. Ng3 d5 26. cxd5 Rxd5 27. h3 Qd7 28. Ne4 Rg6 29. Bb4 g4 30. h4 Nf3+ 31. Kh1 Nxh4 32. g3 Nf3 33. Kg2 Rh6 34. Rh1 Rdh5 35. Rxh5 Rxh5 36. Bc3 Qf5 37. Bxg7 Ne1+ 38. Kg1 Rh1+ 0-1

[Event "Djakovo op-B"]
[Site "Djakovo"]
[Date "2005.05.06"]
[Round "8"]
[White "Sutkovic, Damir"]
[Black "Sudar, Boris"]
[Result "1-0"]
[WhiteElo "2251"]
[BlackElo "2167"]
[PlyCount "71"]
[EventDate "2005.05.01"]
[EventType "swiss"]
[EventRounds "9"]
[EventCountry "CRO"]
[SourceTitle "CBM 106 Extra"]
[Source "ChessBase"]
[SourceDate "2005.07.01"]
[SourceVersion "1"]
[SourceVersionDate "2005.07.01"]
[SourceQuality "1"]

1. d4 d5 2. Nf3 Nf6 3. g3 e6 4. Bg2 Be7 5. 0-0 0-0 6. c4 c6 7. b3 Nbd7 8. Bb2 b6 9. Nc3 Ba6 10. Nd2 b5 11. cxb5 cxb5 12. a3 Rc8 13. Re1 Qc7 14. Rc1 Qb6 15. b4 Rfd8 16. Nb3 Bb7 17. Nc5 Bc6 18. Qb3 a5 19. Rcd1 Qa7 20. h3 Nxc5 21. dxc5 d4 22. Rxd4 Rxd4 23. Bxc6 Rdd8 24. Bxb5 Qb7 25. Qc4 Qc7 26. Ba6 Ra8 27. Na4 Nd7 28. Rc1 Bf6 29. Bxf6 gxf6 30. b5 Ne5 31. Qf4 Qe7 32. c6 Ng6 33. Qe3 Rxa6 34. bxa6 Ne5 35. c7 Rc8 36. a7 1-0

[Event "Djakovo op-B"]
[Site "Djakovo"]
[Date "2005.05.05"]
[Round "7"]
[White "Sudar, Boris"]
[Black "Sulc, Gordana"]
[Result "1-0"]
[WhiteElo "2167"]
[BlackElo "2043"]
[PlyCount "61"]
[EventDate "2005.05.01"]
[EventType "swiss"]
[EventRounds "9"]
[EventCountry "CRO"]
[SourceTitle "CBM 106 Extra"]
[Source "ChessBase"]
[SourceDate "2005.07.01"]
[SourceVersion "1"]
[SourceVersionDate "2005.07.01"]
[SourceQuality "1"]

1. e4 c5 2. Nf3 d6 3. Bb5+ Bd7 4. Bxd7+ Qxd7 5. 0-0 Nc6 6. d4 cxd4 7. Nxd4 g6 8. b3 Bg7 9. Bb2 Nf6 10. Re1 0-0 11. c4 a6 12. Nc3 Nxd4 13. Qxd4 Ng4 14. Qd2 b5 15. h3 Ne5 16. Nd5 Rab8 17. f4 Qa7+ 18. Kh2 e6 19. Nb4 Nxc4 20. bxc4 Bxb2 21. Qxb2 bxc4 22. Qc3 Rfe8 23. f5 a5 24. Nc2 exf5 25. exf5 Qc5 26. Nd4 Qb4 27. Qe3 d5 28. Qf4 Qc5 29. f6 c3 30. Nf5 Qc8 31. Rxe8+ 1-0

[Event "Velika Gorica op 4th"]
[Site "Velika Gorica"]
[Date "2004.08.24"]
[Round "5"]
[White "Sudar, Boris"]
[Black "Brumen, Dinko"]
[Result "0-1"]
[WhiteElo "2198"]
[BlackElo "2385"]
[PlyCount "80"]
[EventDate "2004.08.21"]
[EventType "swiss"]
[EventRounds "9"]
[EventCountry "CRO"]
[SourceTitle "EXT 2005"]
[Source "ChessBase"]
[SourceDate "2004.11.15"]
[SourceVersion "1"]
[SourceVersionDate "2004.11.15"]
[SourceQuality "1"]

1. c4 e6 2. Nf3 Nf6 3. b3 Be7 4. Bb2 0-0 5. e3 b6 6. Be2 Bb7 7. 0-0 c5 8. d4 d5 9. cxd5 exd5 10. Nc3 Nbd7 11. Rc1 Rc8 12. Qc2 Qc7 13. Rfd1 Rfd8 14. Qb1 Qb8 15. Bd3 c4 16. bxc4 dxc4 17. Bc2 Bxf3 18. gxf3 b5 19. Ne4 b4 20. Nxf6+ Nxf6 21. Bf5 c3 22. Bxc8 cxb2 23. Qxb2 Rxc8 24. Rxc8+ Qxc8 25. Rc1 Qh3 26. Qe2 g6 27. f4 Nd5 28. Rc6 Bh4 29. Qf1 Qd7 30. Ra6 Nc3 31. Qg2 Ne2+ 32. Kh1 Qf5 33. Qa8+ Kg7 34. Rxa7 Qb1+ 35. Kg2 Qg1+ 36. Kf3 Qxf2+ 37. Ke4 Nc3+ 38. Ke5 Qxe3+ 39. Kd6 Qxd4+ 40. Kc6 Qd5+ 0-1

[Event "Pula op 15th"]
[Site "Pula"]
[Date "2001.05.26"]
[Round "9"]
[White "Velickovic, Zoran"]
[Black "Sudar, Boris"]
[Result "1/2-1/2"]
[WhiteElo "2367"]
[BlackElo "2223"]
[PlyCount "83"]
[EventDate "2001.05.18"]
[EventType "swiss"]
[EventRounds "9"]
[EventCountry "CRO"]
[SourceTitle "CBM 082 Extra"]
[Source "ChessBase"]
[SourceDate "2001.07.03"]
[SourceVersion "1"]
[SourceVersionDate "2001.07.03"]
[SourceQuality "1"]

1. Nf3 Nf6 2. g3 g6 3. Bg2 Bg7 4. c4 0-0 5. 0-0 d6 6. d4 Nc6 7. Nc3 a6 8. h3 Rb8 9. e4 b5 10. e5 dxe5 11. dxe5 Nd7 12. e6 fxe6 13. Ng5 Nd4 14. Be3 Nb6 15. cxb5 axb5 16. Bxd4 Bxd4 17. Nxb5 Bxb2 18. Rb1 Bf6 19. Qc1 Nd5 20. Ne4 Ba6 21. a4 Qe8 22. Re1 Bxb5 23. Nxf6+ Rxf6 24. axb5 Rxb5 25. Rxb5 Qxb5 26. Bxd5 Qxd5 27. Qxc7 Qf5 28. Qa7 Qxh3 29. Qxe7 Qf5 30. f4 Rf7 31. Qxe6 Qc5+ 32. Kg2 Kg7 33. Re2 Qc7 34. Qe5+ Qxe5 35. Rxe5 h5 36. Re6 Rf6 37. Re8 Rb6 38. Kh3 Rb5 39. Kh4 Kf6 40. Ra8 Rc5 41. Rf8+ Kg7 42. Ra8 1/2-1/2

[Event "Pula op 15th"]
[Site "Pula"]
[Date "2001.05.25"]
[Round "8"]
[White "Sudar, Boris"]
[Black "Jovanovic, Zoran"]
[Result "1/2-1/2"]
[WhiteElo "2223"]
[BlackElo "2383"]
[PlyCount "21"]
[EventDate "2001.05.18"]
[EventType "swiss"]
[EventRounds "9"]
[EventCountry "CRO"]
[SourceTitle "CBM 082 Extra"]
[Source "ChessBase"]
[SourceDate "2001.07.03"]
[SourceVersion "1"]
[SourceVersionDate "2001.07.03"]
[SourceQuality "1"]

1. d4 Nf6 2. Nf3 g6 3. c4 Bg7 4. Nc3 0-0 5. e4 d6 6. Be2 e5 7. 0-0 exd4 8. Nxd4 Re8 9. f3 Nc6 10. Be3 Nh5 11. Qd2 1/2-1/2

[Event "Pula op 15th"]
[Site "Pula"]
[Date "2001.05.21"]
[Round "4"]
[White "Sudar, Boris"]
[Black "Kos, Toni"]
[Result "1/2-1/2"]
[WhiteElo "2223"]
[BlackElo "2402"]
[PlyCount "40"]
[EventDate "2001.05.18"]
[EventType "swiss"]
[EventRounds "9"]
[EventCountry "CRO"]
[SourceTitle "CBM 082 Extra"]
[Source "ChessBase"]
[SourceDate "2001.07.03"]
[SourceVersion "1"]
[SourceVersionDate "2001.07.03"]
[SourceQuality "1"]

1. c4 Nf6 2. g3 d5 3. Bg2 g6 4. Nf3 Bg7 5. 0-0 0-0 6. cxd5 Nxd5 7. Nc3 Nb6 8. d4 Nc6 9. d5 Na5 10. e4 c6 11. Nd4 e6 12. Nb3 Nxb3 13. Qxb3 exd5 14. exd5 cxd5 15. Nxd5 Be6 16. Rd1 Rc8 17. Be3 Re8 18. Qb5 Nc4 19. Bxa7 Nxb2 20. Re1 Nc4 1/2-1/2

[Event "Pardubice op-B"]
[Site "Pardubice"]
[Date "2000.??.??"]
[Round "6"]
[White "Sudar, Boris"]
[Black "Trombik, Karel"]
[Result "1-0"]
[WhiteElo "2201"]
[BlackElo "2168"]
[PlyCount "65"]
[EventDate "2000.07.??"]
[EventType "swiss"]
[EventRounds "9"]
[EventCountry "CZE"]
[SourceTitle "EXT 2001"]
[Source "ChessBase"]
[SourceDate "2000.11.22"]
[SourceVersion "1"]
[SourceVersionDate "2000.11.22"]
[SourceQuality "1"]

1. c4 Nf6 2. g3 e6 3. Bg2 d5 4. Nf3 Be7 5. 0-0 0-0 6. b3 Nbd7 7. Bb2 c6 8. d3 Re8 9. Nbd2 Nf8 10. e4 dxe4 11. dxe4 N6d7 12. e5 Qc7 13. Ne4 Ng6 14. Qd4 Rd8 15. Qc3 f6 16. exf6 gxf6 17. Nfg5 Nde5 18. f4 fxg5 19. fxe5 Bd7 20. Nf6+ Bxf6 21. Rxf6 Rf8 22. Qe3 Rxf6 23. exf6 g4 24. Qh6 Be8 25. Rd1 Qf7 26. Be4 Qf8 27. Qg5 Bf7 28. Qxg4 Rd8 29. Kg2 h5 30. Qe2 Rxd1 31. Qxd1 Qe8 32. Qd2 Nf8 33. Qh6 1-0

[Event "CRO-chT2"]
[Site "Opatija"]
[Date "1995.??.??"]
[Round "?"]
[White "Basrak, Srdjan"]
[Black "Sudar, Boris"]
[Result "1-0"]
[WhiteElo "2270"]
[BlackElo "2160"]
[PlyCount "33"]
[EventDate "1995.??.??"]
[EventType "team-tourn"]
[EventRounds "9"]
[EventCountry "CRO"]
[SourceTitle "EXT 1998"]
[Source "ChessBase"]
[SourceDate "1997.11.17"]
[SourceVersion "1"]
[SourceVersionDate "1997.11.17"]
[SourceQuality "1"]

1. e4 c6 2. d4 d5 3. e5 Bf5 4. Nf3 e6 5. Be2 c5 6. c3 Nc6 7. 0-0 Rc8 8. a3 Qb6 9. b4 cxd4 10. Nxd4 Bxb1 11. Nxc6 Qxc6 12. Rxb1 Ne7 13. Be3 Nf5 14. Bxa7 b6 15. g4 Qc7 16. Qa4+ Kd8 17. Qa6 1-0

[Event "Djakovo op"]
[Site "Djakovo"]
[Date "1994.??.??"]
[Round "2"]
[White "Kosanski, Stanko"]
[Black "Sudar, Boris"]
[Result "1-0"]
[WhiteElo "2425"]
[BlackElo "2265"]
[PlyCount "41"]
[EventDate "1994.11.??"]
[EventType "swiss"]
[EventRounds "9"]
[EventCountry "CRO"]
[SourceTitle "EXT 1997"]
[Source "ChessBase"]
[SourceDate "1996.11.15"]
[SourceVersion "1"]
[SourceVersionDate "1996.11.15"]
[SourceQuality "1"]

1. e4 e5 2. Nf3 Nc6 3. Bb5 Bc5 4. 0-0 Nd4 5. Nxd4 Bxd4 6. c3 Bb6 7. d4 c6 8. Ba4 d6 9. d5 Ne7 10. Qe2 0-0 11. dxc6 bxc6 12. Be3 Be6 13. Nd2 f5 14. exf5 Bxf5 15. Rad1 Qc7 16. Bg5 Ng6 17. Qc4+ d5 18. Qxc6 Qf7 19. Bb3 Be6 20. Nf3 Rac8 21. Qxe6 1-0